| 000 | 01126nam1a22002771i 4500 | ||
|---|---|---|---|
| 001 | v19\rc\1827497 | ||
| 005 | 20240726070348.0 | ||
| 035 | _a(NLR Aleph) 004923929 | ||
| 090 |
_a5607757 _c5607757 |
||
| 100 | _a20071224g19081917|||y0rusy50 ca | ||
| 101 | 0 | _arus | |
| 102 | _aRU | ||
| 105 | _a z ||||| | ||
| 200 | 1 |
_aАрмяно-григорианский календарь... _fСост. свящ. И. Тер-Ованнесьянц |
|
| 210 |
_aСтаврополь губ. _cИ. Тер-Ованнесьянц _d1908-1917 |
||
| 215 | _d14 | ||
| 300 | _aС изд. 1910 г. сост.: свящ. С. Тер-Ованнесьянц; с изд. 1913 г. в конце предисл. сост.: свящ. Саак Тер-Ованнесьянц | ||
| 702 | 1 |
_aТер-Ованнесьянц _bИ. _gИоаннес _4220 |
|
| 702 | 1 |
_aТер-Ованнесьянц _bС.Г. _gСаак Григорьевич _4220 |
|
| 801 | 0 |
_aRU _bNLR _gpsbo |
|
| 801 | 0 |
_aRU _bRuMoRGB _2psbo |
|
| 801 | 1 |
_aRU _bProSoft-M _2rusmarc |
|
| 852 |
_aNLR _j34.82.3.538 |
||
| 899 |
_aRuMoRGB (1909-1916*) _jU 84/868 |
||
| 899 | _aБАН (1909-1917) | ||
| 942 | _cBOOK | ||